Herr der Ringe - Statistics

General Stats
  • This quiz has been taken 434 times
  • The average score is 9 of 15
Answer Stats
Hint Answer % Correct
Frodos Schwert Stich
90%
bekanntester Ent Baumbart
81%
Elronds Sitz Bruchtal
80%
Gollums früherer Name Smeagol
80%
"Pferdeland" Rohan
78%
Aragorns Geheimname Streicher
78%
Bilbos Alter 111
75%
Gandalfs Pferd Schattenfell
67%
Eowyns Bruder Eomer
66%
Spinne Kankra
54%
Einsamer Berg Erebor
53%
Galadriels Reich Lothlorien
53%
Sarumans Turm Orthanc
31%
Arwens Beiname Undomiel
12%
Schicksalsberg Orodruin
11%
No matching quizzes found
Score Distribution
Percent of People with Each Score
Percentile by Number Answered
Your Score History
You have not taken this quiz